000 00727nam a2200217 i 4500
001 114861
003 ES-MaACL
005 20250825062547.0
007 t|
008 070412s1925 sp ||||1| spa d
080 _a821.134.2(729.1)-2"19"
100 1 _aHernández Catá, Alfonso,
_d1885-1940
_962908
245 1 3 _aLa noche clara :
_bcomedia en tres actos /
_cA. Hernández Catá.
260 _aMadrid :
_bPrensa Moderna,
_c1925.
300 _a60 p. ;
_c17 cm.
490 1 _aEl teatro moderno ;
_v12
594 _aEstrenada en el Teatro del Príncipe, de San Sebastián, el 3 de septiembre de 1925.
830 1 3 _aEl teatro moderno (Prensa Moderna)
_v12
_9182365
852 4 _aES-MaACL
_jC-13006
999 _c114861
_d114861